Molecular physiology and breeding at the crossroads of cold hardiness improvement (Record no. 63214)

MARC details
000 -LEADER
fixed length control field 02879nam a2200613Ia 4500
100 ## - MAIN ENTRY--AUTHOR NAME
Personal name Castonguay Yves
245 #0 - TITLE STATEMENT
Title Molecular physiology and breeding at the crossroads of cold hardiness improvement
260 ## - PUBLICATION, DISTRIBUTION, ETC. (IMPRINT)
Name of publisher Physiologia Plantarum
Year of publication 2013
300 ## - PHYSICAL DESCRIPTION
Number of Pages 64-74
520 ## - SUMMARY, ETC.
Summary, etc Alfalfa (Medicago sativa L) is a major forage legume grown extensively worldwide with important agronomic and environmental attributes. Insufficient cold hardiness is a major impediment to its reliable production in northern climates. Improvement of freezing tolerance using conventional breeding approaches is slowed by the quantitative nature of inheritance and strong interactions with the environment. The development of gene-based markers would facilitate the identification of genotypes with superior stress tolerance. Successive cycles of recurrent selection were applied using an indoor screening method to develop populations with significantly higher tolerance to freezing (TF). Bulk segregant analysis of heterogeneous TF populations identified DNA variations that are progressively enriched in frequency in response to selection. Polymorphisms resulting from intragenic variations within a dehydrin gene were identified and could potentially lead to the development of robust selection tools. Our results illustrate the benefits of feedback interactions between germplasm development programs and molecular physiology for a deeper understanding of the molecular and genetic bases of cold hardiness.
650 ## - SUBJECT ADDED ENTRY--TOPICAL TERM
Topical Term AFLP
650 ## - SUBJECT ADDED ENTRY--TOPICAL TERM
Topical Term Amplified fragment length polymorphism
650 ## - SUBJECT ADDED ENTRY--TOPICAL TERM
Topical Term BSA
650 ## - SUBJECT ADDED ENTRY--TOPICAL TERM
Topical Term Bulk segregant analysis
650 ## - SUBJECT ADDED ENTRY--TOPICAL TERM
Topical Term CBF
650 ## - SUBJECT ADDED ENTRY--TOPICAL TERM
Topical Term CNV
650 ## - SUBJECT ADDED ENTRY--TOPICAL TERM
Topical Term cold-regulated
650 ## - SUBJECT ADDED ENTRY--TOPICAL TERM
Topical Term Copy number variation
650 ## - SUBJECT ADDED ENTRY--TOPICAL TERM
Topical Term COR
650 ## - SUBJECT ADDED ENTRY--TOPICAL TERM
Topical Term c-repeat binding factor
650 ## - SUBJECT ADDED ENTRY--TOPICAL TERM
Topical Term c-repeat/dehydration responsive element
650 ## - SUBJECT ADDED ENTRY--TOPICAL TERM
Topical Term CRT/DRE
650 ## - SUBJECT ADDED ENTRY--TOPICAL TERM
Topical Term GBS
650 ## - SUBJECT ADDED ENTRY--TOPICAL TERM
Topical Term genotyping-by-sequencing
650 ## - SUBJECT ADDED ENTRY--TOPICAL TERM
Topical Term InDel
650 ## - SUBJECT ADDED ENTRY--TOPICAL TERM
Topical Term insertion and deletion
650 ## - SUBJECT ADDED ENTRY--TOPICAL TERM
Topical Term LD
650 ## - SUBJECT ADDED ENTRY--TOPICAL TERM
Topical Term linkage disequilibrium
650 ## - SUBJECT ADDED ENTRY--TOPICAL TERM
Topical Term marker-assisted selection
650 ## - SUBJECT ADDED ENTRY--TOPICAL TERM
Topical Term MAS
650 ## - SUBJECT ADDED ENTRY--TOPICAL TERM
Topical Term next-generation sequencing
650 ## - SUBJECT ADDED ENTRY--TOPICAL TERM
Topical Term NGS
650 ## - SUBJECT ADDED ENTRY--TOPICAL TERM
Topical Term QTL
650 ## - SUBJECT ADDED ENTRY--TOPICAL TERM
Topical Term quantitative trait loci
650 ## - SUBJECT ADDED ENTRY--TOPICAL TERM
Topical Term random amplified polymorphic DNA
650 ## - SUBJECT ADDED ENTRY--TOPICAL TERM
Topical Term RAPD
650 ## - SUBJECT ADDED ENTRY--TOPICAL TERM
Topical Term restriction fragment length polymorphism
650 ## - SUBJECT ADDED ENTRY--TOPICAL TERM
Topical Term RFLP
650 ## - SUBJECT ADDED ENTRY--TOPICAL TERM
Topical Term SCAR
650 ## - SUBJECT ADDED ENTRY--TOPICAL TERM
Topical Term sequence related amplified polymorphism
650 ## - SUBJECT ADDED ENTRY--TOPICAL TERM
Topical Term sequence-characterized amplified region
650 ## - SUBJECT ADDED ENTRY--TOPICAL TERM
Topical Term single-nucleotide polymorphism
650 ## - SUBJECT ADDED ENTRY--TOPICAL TERM
Topical Term SNP
650 ## - SUBJECT ADDED ENTRY--TOPICAL TERM
Topical Term SRAP
650 ## - SUBJECT ADDED ENTRY--TOPICAL TERM
Topical Term TF
650 ## - SUBJECT ADDED ENTRY--TOPICAL TERM
Topical Term tolerance to freezing
700 ## - ADDED ENTRY--PERSONAL NAME
Personal name Bertrand Annick
700 ## - ADDED ENTRY--PERSONAL NAME
Personal name Cloutier Jean
700 ## - ADDED ENTRY--PERSONAL NAME
Personal name Dube Marie-Pier
700 ## - ADDED ENTRY--PERSONAL NAME
Personal name Laberge Serge
700 ## - ADDED ENTRY--PERSONAL NAME
Personal name Michaud Real
942 ## - ADDED ENTRY ELEMENTS (KOHA)
Koha item type Journals
Holdings
Withdrawn status Lost status Damaged status Not for loan Home library Current library Shelving location Date acquired Serial Enumeration / chronology Koha item type
      Journals RRII Library RRII Library Physiology 29/08/2013 Volume 147, Issue 1 Journals